|
|
|
|
| LEADER |
01057nam a22002297a 4500 |
| 001 |
AAL8259 |
| 003 |
BD-DhAAL |
| 005 |
20160224122027.0 |
| 008 |
160224s 2008bg ||||| |||| 00| 0 ben d |
| 040 |
|
|
|a BD-DhAAL
|c BD-DhAAL
|
| 082 |
|
|
|a 891.4437
|
| 100 |
|
|
|a গঙ্গোপাধ্যায়, সুনীল
|9 18126
|
| 245 |
|
|
|a মনে আছে মনে থাকবে /
|c সুনীল গঙ্গোপাধ্যায়
|
| 260 |
|
|
|a ঢাকা :
|b নালন্দা,
|c ২০০৮
|
| 300 |
|
|
|a ৯৬ পৃ. ;
|c ২২ সে.মি.
|
| 541 |
|
|
|e 8259
|
| 650 |
|
|
|a Bengali fiction
|9 18127
|
| 852 |
|
|
|a Savar Campus Library
|c General Stacks
|
| 942 |
|
|
|2 ddc
|c BK
|
| 999 |
|
|
|c 36919
|d 36919
|
| 952 |
|
|
|0 0
|1 0
|2 ddc
|4 0
|6 891_443700000000000_GON
|7 0
|9 58135
|a SCL
|b SCL
|c GEN
|d 2016-02-24
|g 160.00
|l 20
|m 31
|o 891.4437 GON
|p 3020008259
|r 2025-09-02
|s 2025-08-26
|t 1
|w 2016-02-24
|y BK
|
| 952 |
|
|
|0 0
|1 0
|2 ddc
|4 0
|6 891_443700000000000_GON
|7 0
|9 58136
|a SCL
|b SCL
|c GEN
|d 2016-02-24
|g 160.00
|l 18
|m 28
|o 891.4437 GON
|p 3020008258
|r 2025-08-19
|s 2025-08-17
|t 2
|w 2016-02-24
|y BK
|